Charlotte Hornets All-Decade Teams - Statistics

General Stats
  • This quiz has been taken 12 times
  • The average score is 11 of 20
Answer Stats
Decade Pos. WS Year(s) Player % Correct
2020s PG 19.8 2021-2025 LaMelo Ball
100%
2010s PG 48.5 2012-2019 Kemba Walker
83%
1990s C 23.9 1993-1995 Alonzo Mourning
75%
1990s PF 41.1 1992-1996 Larry Johnson
75%
2020s PF/SF 24.9 2020-2026 Miles Bridges
75%
2010s PF 26.0 2015-2019 Marvin Williams
67%
1990s PG 42.2 1990-1998 Muggsy Bogues
67%
1990s SF 28.4 1996-1998 Glen Rice
58%
2020s SG/PG 17.9 2020-2024 Terry Rozier
58%
2000s PG 19.2 2000-2002 Baron Davis
50%
1990s SG 30.1 1990-1998 Dell Curry
50%
2000s C/PF 26.2 2005-2009 Emeka Okafor
50%
2000s SF/PF 30.8 2005-2009 Gerald Wallace
50%
2010s C 24.1 2014-2019 Cody Zeller
42%
2000s SG/PG 16.3 2000-2002 David Wesley
33%
2010s SF/PF 21.2 2013-2019 Michael Kidd-Gilchrist
33%
2020s C 11.4 2021-2025 Nick Richards
33%
2020s PF/C 11.4 2020-2024 P.J. Washington
33%
2010s SF/SG 16.7 2016-2019 Nicolas Batum
25%
2000s PF/C 19.5 2000-2002 Elden Campbell
8%
No matching quizzes found
Score Distribution
Percent of People with Each Score
Percentile by Number Answered
Your Score History
You have not taken this quiz